Spell the Marvel Character #125 - Statistics

General Stats
  • This quiz has been taken 15 times
  • The average score is 10 of 12
Answer Stats
Picture Answer % Correct
Ms. Marvel
100%
American Dream
91%
Excalibur
91%
Iron Lad
91%
Tigra
91%
U-Go Girl
82%
Moon Girl
73%
Multiple Man
73%
Night Thrasher
73%
Lightspeed
64%
Longshot
64%
Phastos
64%
No matching quizzes found
Score Distribution
Percent of People with Each Score
Percentile by Number Answered
Your Score History
You have not taken this quiz